000 00657 a2200193 4500
999 _c10611
_d10611
020 _a9780077126179
050 _aHB171.5OPE 2011
100 _aPaton, Steve
_eauthor
245 _aOperations management /
_cSteve Paton, Ben Clegg, Juliana Hsuan and Alan Pilkington
264 _aLondon:
_bMcGraw hill.,
_c2011
300 _axxxii, 518 pages : color illustrations ; 26 cm + 1 Internet access card
500 _alncludes index
650 _aProduction management.
650 _aBusiness and Management.
700 _a Clegg, Ben
_eauthor
700 _a Hsuan, Juliana
_eauthor
700 _aPilkington, Alan
_eauthor
942 _2lcc
_cBK
_h171.5
_iOPE
_kHB